Josh Allen Quiz - Statistics

General Stats
  • This quiz has been taken 30 times
  • The average score is 8 of 10
Answer Stats
Question Answer % Correct
What number does Josh Allen wear? 17
100%
What division does Josh Allen play in? AFC East
96%
What team does Josh Allen play for? Buffalo Bills
96%
What college did Josh Allen attend? University of Wyoming
93%
What teammate has Josh Allen thrown the most touchdowns too? Stefon Diggs
85%
What year was Josh Allen drafted? 2018
74%
What pick was Josh Allen selected? 7th Overall
74%
Where was Josh Allen born? Firebaugh, California
74%
What year did Josh Allen win MVP? 2024
67%
What year was Josh Allen born? 1996
63%
No matching quizzes found
Score Distribution
Percent of People with Each Score
Percentile by Number Answered
Your Score History
You have not taken this quiz